| 000 | 01183nam a2200313 i 4500 | ||
|---|---|---|---|
| 001 | 000020171 | ||
| 003 | DO-SdBNP | ||
| 005 | 20250206082934.0 | ||
| 007 | ta | ||
| 008 | 100726s1969 dr ac 000 0 spa d | ||
| 040 |
_aDO-SdBNP _bspa _cBNPHU _erda |
||
| 041 | _aspa | ||
| 082 | 4 |
_a917.293 _bB171g _222 |
|
| 100 | 1 |
_a Balaguer, Joaquín, _d1906-2002 _eautor _4aut. _976556 |
|
| 245 | 1 | 0 |
_aGuía emocional de la ciudad romántica / _cJoaquín Balaguer. |
| 264 | 1 |
_aSanto Domingo : _bEditora ALPA, _c1969. |
|
| 300 |
_a140 páginas : _bilustraciones, retratos ; _c28 cm. |
||
| 336 |
_atexto _btxt _2rdacontent |
||
| 337 |
_asin mediación _bn _2rdamedia |
||
| 338 |
_avolumen _bnc _2rdacarrier |
||
| 500 | _aIncluye referencias bibliográficas y notas al pie de las páginas | ||
| 590 | _aInventariado, 2024/BT | ||
| 650 | 4 |
_aCiudades y pueblos _zRepública Dominicana _9784 |
|
| 650 | 4 |
_aMonumentos históricos _xRepública Dominicana (Santo Domingo) _942767 |
|
| 651 | 4 |
_aSanto Domingo (República Dominicana) _xDescripción _97716 |
|
| 651 | 4 |
_aSanto Domingo (República Dominicana) _xDescripciones y viajes _97718 |
|
| 910 | _aValidado. Control de calidad MFF | ||
| 942 |
_2ddc _cLBS1 |
||
| 999 |
_c19678 _d19678 |
||